Countries with the Most Female Billionaires - Statistics

General Stats
  • This quiz has been taken 112 times
  • The average score is 8 of 10
Answer Stats
# Country % Correct
85 United States
99%
26 China
97%
29 Germany
91%
13 Italy
88%
9 Australia
80%
7 Spain
80%
7 India
79%
9 Brazil
74%
7 Sweden
57%
9 Switzerland
51%
No matching quizzes found
Score Distribution
Percent of People with Each Score
Percentile by Number Answered
Your Score History
You have not taken this quiz